000
00346nam a2200133Ia 4500
008
231129s9999||||xx |||||||||||||| ||spa||
020
_a
84-204-0063-7
040
_b
spa
082
_a
869.3 S243m
100
_a
Saramago José
245
0
_a
Las maletas del viajero
264
_a
Alfaguara
942
_2
ddc
_c
BKS
999
_c
18807
_d
18807